000 00957cam a22002654a 4500
005 20180803165246.0
008 031113s2004 dcua 000 0 eng
020 _a1559633751
040 _aDLC
_cDLC
_dDLC
_dCO-BoIAVH
041 _aeng
044 _axxu
082 0 4 _a333.7153
_bT28s
245 0 0 _aAssembly rules and restoration ecology :
_bbridging the gap between theory and practice /
_cedited by Vicky M. Temperton [y otros 3].
260 _aWashington, D.C. :
_bIsland Press,
_cc2004.
300 _axv, 439 páginas :
_bilustraciones, gráficas ;
_c24 x 15 cm.
504 _aIncluye bibliografías.
650 6 _aRestauración ecológica
650 4 _aComunidades biológicas
650 6 _aRecuperación de ecosistemas
700 1 _aTemperton, Vicky M.
_eEditora
700 1 _aHobbs, Richard J.
_eEditor
700 1 _aNuttle, Tim
_eEditor
700 1 _aHalle, Stefan
_eEditor
942 _2ddc
_cLIBRO
999 _c5253
_d5253